=LDR 00000nam 2200000 4500 =001 INLIS000000000031140 =005 20130612133230 =008 ***********************************Ind** =035 ##$$0010-061300000031140 =041 ##$$a Ind =082 ##$$a 028.5 =090 ##$$a 028.5, Ber d =100 ##$$a Berenstain, Michael =245 ##$$a Dinosaurus ekor berburi stegosaurus, Michael Berenstain =260 ##$$a 2004 $b Jakarta =300 ##$$a 24 hlm, ilus, 20 cm =650 ##$$a Bacaan Kanak-kanak =850 ##$$a NBPNMAT